Communication media and development / (Record no. 76941)

MARC details
000 -LEADER
fixed length control field 00619nam a22001937a 4500
005 - DATE AND TIME OF LATEST TRANSACTION
control field 20230703164249.0
010 ## - LCCN (DPL NO)
LC control number ENG-107732 ENG-137247
020 ## - INTERNATIONAL STANDARD BOOK NUMBER
International Standard Book Number 8186724082
Terms of availability 750.00
035 ## - SYSTEM CONTROL NUMBER
System control number EN-91265 EN-120779
037 ## - SOURCE OF ACQUISITION
Source of stock number/acquisition DBAD/PUB
082 ## - DEWEY DECIMAL CLASSIFICATION NUMBER
Classification number 302.230954
100 ## - MAIN ENTRY--PERSONAL NAME
Personal name Madhu Bala
245 ## - TITLE STATEMENT
Title Communication media and development /
Statement of responsibility, etc by Madhu Bala
260 ## - PUBLICATION, DISTRIBUTION, ETC. (IMPRINT)
Place of publication, distribution, etc Haryana
Name of publisher, distributor, etc Nirmal Book Agency
Date of publication, distribution, etc 2012
270 ## - ADDRESS
Address Opp. Kurukshetra University IIIrd Gate,
City Kurukshetra
Postal code 136119
300 ## - PHYSICAL DESCRIPTION
Extent x,244p.
Dimensions 22cm(Hb)
500 ## - GENERAL NOTE
General note Includes bibliographical references
942 ## - ADDED ENTRY ELEMENTS (KOHA)
Source of classification or shelving scheme Dewey Decimal Classification
Item type English Books
Call number suffix MAD
Classification part 302.230954
Holdings
Withdrawn status Lost status Not for loan Collection code Home library Current library Date acquired Source of acquisition Cost, normal purchase price Full call number Barcode Copy number Cost, replacement price Koha item type
      Non-fiction Bawana Bawana 03/07/2023 DBAD/PUB 750.00 302.230954 MAD EN-120779 1 750.00 English Books
    Not For Loan Non-fiction D.B.Act.Division D.B.Act.Division 25/06/2013 DBAD/PUB 750.00 MAD EN-91265 1 750.00 English Books

© Delhi Public Library
Hit Counter
free hit counter